| 000 | 00583nam a2200181 a 4500 | ||
|---|---|---|---|
| 005 | 20140311163003.0 | ||
| 008 | 030415s19uu xx 00 eng d | ||
| 020 | _a0534562957 | ||
| 050 |
_aLB 1027.5 _b.V2965 2001 |
||
| 100 | _aVanZandt, Zark | ||
| 245 |
_aDeveloping your School Counseling Program : _bA hanbook for systematic planning / _cZark VanZandt. |
||
| 260 |
_aAustralia : _bBrooks/Cole, _c2001. |
||
| 300 |
_a188 p. : _c27 cm. |
||
| 521 | _aPSYCH | ||
| 650 |
_aEducational counseling _xUnited States _xhandbooks, manuals, etc. |
||
| 942 |
_cBK _2lcc _kFOR |
||
| 999 |
_c39255 _d39255 |
||